<?xml version="1.0" encoding="UTF-8"?>
<record
    xmlns:xsi="http://www.w3.org/2001/XMLSchema-instance"
    xsi:schemaLocation="http://www.loc.gov/MARC21/slim http://www.loc.gov/standards/marcxml/schema/MARC21slim.xsd"
    xmlns="http://www.loc.gov/MARC21/slim">

  <leader>00364nam a22001457a 4500</leader>
  <controlfield tag="005">20241223101923.0</controlfield>
  <controlfield tag="008">241223b        |||||||| |||| 00| 0 eng d</controlfield>
  <datafield tag="020" ind1=" " ind2=" ">
    <subfield code="a">81-8447-084-3</subfield>
  </datafield>
  <datafield tag="100" ind1=" " ind2=" ">
    <subfield code="a">Patil, Vishakha</subfield>
    <subfield code="9">183075</subfield>
  </datafield>
  <datafield tag="245" ind1=" " ind2=" ">
    <subfield code="a">Improve Your English Writing  - ( UPSC, MPSC ) </subfield>
  </datafield>
  <datafield tag="250" ind1=" " ind2=" ">
    <subfield code="a">1st ed.</subfield>
  </datafield>
  <datafield tag="260" ind1=" " ind2=" ">
    <subfield code="a">Pune</subfield>
    <subfield code="b">Nitin</subfield>
  </datafield>
  <datafield tag="300" ind1=" " ind2=" ">
    <subfield code="a">114</subfield>
  </datafield>
  <datafield tag="942" ind1=" " ind2=" ">
    <subfield code="c">DB</subfield>
  </datafield>
  <datafield tag="999" ind1=" " ind2=" ">
    <subfield code="c">362343</subfield>
    <subfield code="d">362343</subfield>
  </datafield>
  <datafield tag="952" ind1=" " ind2=" ">
    <subfield code="0">0</subfield>
    <subfield code="1">0</subfield>
    <subfield code="2">ddc</subfield>
    <subfield code="4">0</subfield>
    <subfield code="7">0</subfield>
    <subfield code="a">SSMM</subfield>
    <subfield code="b">SSMM</subfield>
    <subfield code="d">2024-12-23</subfield>
    <subfield code="e">&#x92A;&#x94D;&#x930;&#x93E;. &#x914;&#x930;&#x902;&#x917;&#x93E;&#x92C;&#x93E;&#x926;&#x915;&#x930;, &#x906;&#x92E;&#x94D;&#x930;&#x92A;&#x93E;&#x932;&#x940;</subfield>
    <subfield code="g">100.00</subfield>
    <subfield code="p">SSMM-BK-29438</subfield>
    <subfield code="r">2024-12-23 00:00:00</subfield>
    <subfield code="w">2024-12-23</subfield>
    <subfield code="y">DB</subfield>
    <subfield code="z">010029438</subfield>
  </datafield>
</record>
